000 00883nam a2200229 4500
001 000000025
005 20260209094147.0
008 081127nuuuuuuuudr a 001 0 spa d
020 _a9701700783
020 _a9789701700785
040 _aDO-SdBNP
_bspa
_cBNPHU
082 _a005.713
_bK37n
100 1 _aKent, Peter
_9104
245 1 0 _aNetscape communicator 4 :
_bpaso a paso /
_cPeter Kent.
260 _aMéxico :
_bPrentice-Hall Hispanoamericana,
_c[199?].
300 _axvii, 376 p. :
_bil. ;
_c23 cm.
505 1 _tI. Atrapado en web --
_tII. Funciones avanzadas de navigator --
_tIII. Internet: algo más que sólo web --
_tIV. Cree Páginas web con Netscape composer --
_tÍndice.
650 0 _aInternet
_9105
650 4 _aNetscape (servicio de información sobre redes)
_9106
650 4 _aNavegadores (programas de computador)
_9107
910 _aValidado. Control de calidad BNPHU
999 _c25
_d25